| 000 | 00835nam a22002297a 4500 | ||
|---|---|---|---|
| 999 |
_c65519 _d65519 |
||
| 005 | 20240530110829.0 | ||
| 008 | 190826s1997 ua a f b 000 0 ara d | ||
| 017 |
_a1997/5299 _bمصر. دار الكتب |
||
| 020 | _a9772358107 | ||
| 040 |
_aEG-CaGPL _cEG-CaGPL |
||
| 082 | 0 | 4 |
_221 _a069.0962 _bق/ م م |
| 110 | _aالمجلس الاعلى لللاثار | ||
| 245 | 1 | 0 |
_aمتحف التحنيط : _bالاقصر 1997 / _cالمجلس الاعلى للاثار |
| 250 | _aط.3 | ||
| 260 |
_aالقاهرة : _bالمجلس الاعلى للثقافة، _c1997 |
||
| 300 |
_a46 ص. : _bايض ؛ _c20سم. |
||
| 504 | _aيشمل على ارجاعات ببليوجرافية | ||
| 650 | 0 | 7 |
_2qrmak _aالتحنيط عند الفراعنه |
| 651 | _2qrmak | ||
| 942 |
_2ddc _cBK |
||